Paracas fabrics and Nazca needlework, 3d century B.C. - 3rd century A.D. (Record no. 10431)

MARC details
000 -CABECERA
campo de control de longitud fija 01051nam a2200289 a 4500
001 - NÚMERO DE CONTROL
campo de control BRL_1622
005 - FECHA Y HORA DE LA ÚLTIMA TRANSACCIÓN
campo de control 20190320211307.0
008 - DATOS DE LONGITUD FIJA--INFORMACIÓN GENERAL
campo de control de longitud fija 140414s1954----u--abd####---#000-0#eng-#
041 ## - CÓDIGO DE LENGUA
Código de lengua del texto/banda sonora o título independiente eng
044 ## - CÓDIGO DEL PAÍS DE LA ENTIDAD EDITORA/PRODUCTORA
Código MARC del país u
050 #4 - SIGNATURA TOPOGRÁFICA DE LA BIBLIOTECA DEL CONGRESO
Número de clasificación F3429.3.T3
Número de documento/Ítem .B57 1954
100 1# - ENTRADA PRINCIPAL--NOMBRE DE PERSONA
Nombre de persona Bird, Junius Bouton
Fechas asociadas al nombre 1907-1982
9 (RLIN) 27469
245 10 - MENCIÓN DE TÍTULO
Título Paracas fabrics and Nazca needlework, 3d century B.C. - 3rd century A.D.
Mención de responsabilidad, etc. by Junius Bird ; technical analysis by Louisa Bellinger.
260 ## - PUBLICACIÓN, DISTRIBUCIÓN, ETC.
Lugar de publicación, distribución, etc. Washington
Nombre del editor, distribuidor, etc. National Publishing Company
Fecha de publicación, distribución, etc. 1954
300 ## - DESCRIPCIÓN FÍSICA
Extensión vii, 126 p.
Otras características físicas il., láminas, mapas
Dimensiones 32 cm.
440 #0 - MENCIÓN DE SERIE/PUNTO DE ACCESO ADICIONAL--TÍTULO
Título Washington, D.C. Textile Museum. Catalogue raisonneì
9 (RLIN) 27470
500 ## - NOTA GENERAL
Nota general Au1850
500 ## - NOTA GENERAL
Nota general Estado físico: Camisa rota de las orillas.
504 ## - NOTA DE BIBLIOGRAFÍA, ETC.
Nota de bibliografía, etc. Bibliografía: p. 117-122
650 14 - PUNTO DE ACCESO ADICIONAL DE MATERIA--TÉRMINO DE MATERIA
Término de materia o nombre geográfico como elemento de entrada Industria textil indígena
Subdivisión geográfica América del Sur
9 (RLIN) 27471
650 14 - PUNTO DE ACCESO ADICIONAL DE MATERIA--TÉRMINO DE MATERIA
Término de materia o nombre geográfico como elemento de entrada Telas
Subdivisión geográfica Perú
9 (RLIN) 26719
651 #4 - PUNTO DE ACCESO ADICIONAL DE MATERIA--NOMBRE GEOGRÁFICO
Nombre geográfico Paracas (Perú)
Subdivisión general Antogüedades
9 (RLIN) 27472
651 #4 - PUNTO DE ACCESO ADICIONAL DE MATERIA--NOMBRE GEOGRÁFICO
Nombre geográfico Nazca (Perú)
Subdivisión general Antogüedades
9 (RLIN) 27473
700 1# - PUNTO DE ACCESO ADICIONAL--NOMBRE DE PERSONA
Nombre de persona Bellinger, Louisa
9 (RLIN) 11741
902 ## - CATALOGADOR
Iniciales GRL
942 ## - ELEMENTOS DE PUNTO DE ACCESO ADICIONAL (KOHA)
Fuente del sistema de clasificación o colocación Library of Congress Classification
Tipo de ítem Koha Libros
Holdings
Estado de retiro Estado de pérdida Estado dañado No para préstamo Localización permanente Ubicación/localización actual Fecha de adquisición Número de inventario Total de préstamos Signatura topográfica completa Código de barras Fecha visto por última vez Precio válido a partir de Tipo de ítem Koha
El ejemplar forma parte de la colección y puede ser consultado según las políticas vigentes.       Biblioteca Centro de Estudios Ruth D. Lechuga Biblioteca Centro de Estudios Ruth D. Lechuga 14/04/2014 Au1850   F3429.3.T3 .B57 1954 (Au1850) GRL01786 22/03/2019 22/03/2019 Libros